00675nam a2200205Ia 4500003000400000005001700004006001800021007000300039008004100042024001000083037001100093040001800104041001300122100002300135110008800158245010600246260000900352650002000361700008800381OSt20220930073205.0a|||||r|||| 00| 0ta220926b |||||||| |||| 00| 0 eng d a28575 cTheses aCRLcCRLbeng 2engaeng aBajpai Saroj Kumar aUniversity of Delhi. Faculty of Arts. Department of Library and Information Science 0aJob involvement and job satisfaction among professionals in university and college libraries in Delhi c2000 aLIBRARY SCIENCE aUniversity of Delhi. Faculty of Arts. Department of Library and Information Science